Every A$AP Ferg Song on the Billboard Hot 100 - Statistics

General Stats
  • This quiz has been taken 26 times
    6 since last reset
  • The average score is 2 of 6
Answer Stats
# Year Song % Correct
26 2018 Plain Jane ft. Nicki Minaj
83%
100 2013 Work
50%
90 2016 New Level ft. Future
33%
89 2019 Bezerk (Big Sean) ft. Hit-Boy
17%
19 2020 Move Ya Hips ft. Nicki Minaj & MadeinTYO
17%
96 2020 Spicy (Nas) ft. Fivio Foreign
17%
No matching quizzes found
Score Distribution
Percent of People with Each Score
Percentile by Number Answered
Your Score History
You have not taken this quiz since the last reset